| 000 | 00682nam a2200229 a 4500 | ||
|---|---|---|---|
| 005 | 20220518064045.0 | ||
| 008 | 010621s1989 es r 000 0 spa d | ||
| 020 | _a8437601088 | ||
| 035 | _aUPN01000108775 | ||
| 049 | _aCG | ||
| 050 | 4 |
_aP325 _bF4.4 1989 |
|
| 100 | 1 | _aFernández González, Angel Raimundo | |
| 245 | 1 | 0 |
_aIntroducción a la semántica / _cAngel Raimundo Fernández González, Salvador Hervás, Valerio Báez. |
| 250 | _a5a ed. | ||
| 260 |
_aMadrid : _bCátedra, _c1989. |
||
| 300 | _a252 p. | ||
| 440 | 0 | _aLingüística | |
| 650 | 2 |
_aSemántica _93577 |
|
| 700 | 1 |
_aHervás, Salvador, _ecoaut. _937111 |
|
| 700 | 1 |
_aBáez, Valerio, _ecoaut. |
|
| 905 | _aLibro | ||
| 999 |
_c82686 _d82686 |
||